Statistics for Cleveland Cavaliers: Retired Numbers

Click here to take the quiz!

General Stats

  • This quiz has been taken 99 times
  • The average score is 4 of 7

Answer Stats

NumberPlayer% Correct
25Mark Price
92%
43Brad Daugherty
81%
22Larry Nance
71%
11Zydrunas Ilgauskas
71%
7Bingo Smith
47%
34Austin Carr
32%
42Nate Thurmond
24%

Score Distribution

Percentile by Number Answered

Percent of People with Each Score

Your Score History

You have not taken this quiz